[Event "XXVI. Rhein-Main-Open, Gruppe A"]
[Site "Bad Homburg vor der Höhe"]
[Date "2024.06.01"]
[Round "6"]
[White "Dornblueth, Christian"]
[Black "Jakob, Steffen"]
[Result "1/2-1/2"]
[WhiteElo "1937"]
[BlackElo "1836"]
[PlyCount "62"]
[EventDate "2024.??.??"]
[WhiteTeam "SF Heidelberg"]
[BlackTeam "Sges Bensheim 1931"]

1. d4 d5 2. c4 c6 3. Nf3 Nf6 4. Nc3 a6 5. e3 Bf5 6. Be2 h6 7. O-O e6 8. Ne5 Bd6 9. f4 O-O 10. Bd2 Ne4 11. Be1 Bh7 12. Rc1 Nd7 13. Bd3 Nxc3 14. Rxc3 Nf6 15. Bh4 Be7 16. Bxf6 Bxf6 17. Bxh7+ Kxh7 18. Qd3+ Kg8 19. a4 dxc4 20. Rxc4 Bxe5 21. fxe5 Qe7 22. Qb3 Rfc8 23. Rfc1 Qd7 24. Qc3 Qd5 25. Rc5 Qd7 26. b4 Rd8 27. h3 Rf8 28. Rf1 Rac8 29. Rc1 Ra8 30. Qb3 Rfc8 31. Qc3 Rd8 1/2-1/2

[Event "XXVI. Rhein-Main-Open, Gruppe A"]
[Site "Bad Homburg vor der Höhe"]
[Date "2024.06.01"]
[Round "6"]
[White "Drill, Frank"]
[Black "Hinz, Andre"]
[Result "1-0"]
[WhiteElo "2013"]
[BlackElo "1855"]
[PlyCount "61"]
[EventDate "2024.??.??"]
[WhiteTeam "SF Neuberg"]
[BlackTeam "SC Brett vorm Kopp Ffm"]

1. e4 e5 2. d4 exd4 3. c3 dxc3 4. Bc4 Nc6 5. Nf3 d6 6. Nxc3 Be7 7. Qb3 Na5 8. Qa4+ Nc6 9. O-O Bd7 10. Qb3 Na5 11. Bxf7+ Kf8 12. Qd1 Kxf7 13. Qd5+ Kf8 14. Qxa5 Bf6 15. e5 b6 16. Qa3 Be7 17. Qb3 Qc8 18. exd6 Bxd6 19. Ng5 Qe8 20. Nce4 Be7 21. Bf4 Qg6 22. Bxc7 Bxg5 23. Nxg5 Rc8 24. Qg3 h6 25. Bd6+ Ne7 26. Rfe1 Re8 27. Nf3 Qf6 28. Re3 g5 29. Be5 Qc6 30. Bxh8 Nf5 31. Rxe8+ 1-0

[Event "XXVI. Rhein-Main-Open, Gruppe A"]
[Site "Bad Homburg vor der Höhe"]
[Date "2024.06.01"]
[Round "6"]
[White "Dubiel, Jacek"]
[Black "Bollmann, Henrik"]
[Result "1-0"]
[WhiteElo "2367"]
[BlackElo "2084"]
[PlyCount "65"]
[EventDate "2024.??.??"]
[WhiteTeam "SV Oberursel"]
[BlackTeam "SC Bad Nauheim"]

1. e4 c5 2. Nf3 e6 3. b3 Nc6 4. Bb2 d6 5. d4 cxd4 6. Nxd4 Nf6 7. Bd3 Be7 8. Nd2 Ne5 9. Be2 a6 10. O-O Qb6 11. Kh1 O-O 12. f4 Ng6 13. Qe1 Qc7 14. f5 Ne5 15. c4 Bd7 16. Qg3 Rac8 17. a4 Rfe8 18. Rf2 Qd8 19. Raf1 Kh8 20. Qh3 Bf8 21. g4 d5 22. g5 Nxe4 23. Nxe4 dxe4 24. f6 g6 25. Rf4 Nf3 26. Bxf3 e5 27. Bg4 Bxg4 28. Rxg4 exd4 29. Rh4 h5 30. Rxh5+ gxh5 31. Qxh5+ Kg8 32. Rf4 Bg7 33. fxg7 1-0

[Event "XXVI. Rhein-Main-Open, Gruppe A"]
[Site "Bad Homburg vor der Höhe"]
[Date "2024.06.01"]
[Round "6"]
[White "Feick, Claas Marten"]
[Black "Zimmer, Gerald"]
[Result "0-1"]
[WhiteElo "1772"]
[BlackElo "1944"]
[PlyCount "112"]
[EventDate "2024.??.??"]
[WhiteTeam "SF Neuberg"]
[BlackTeam "SC Bergen-Enkheim 1922"]

1. d4 e6 2. c4 Nf6 3. Nf3 b6 4. g3 Bb7 5. Bg2 c5 6. O-O cxd4 7. Nxd4 Bxg2 8. Kxg2 Bc5 9. Nc3 Nc6 10. Nxc6 dxc6 11. Qa4 Qc7 12. Bf4 Qb7 13. Be5 Be7 14. Rad1 O-O 15. Bd6 Rac8 16. Bxe7 Qxe7 17. Rd2 Qc7 18. Rfd1 a5 19. Rd6 Nd5 20. Qa3 Nf6 21. e4 Rfd8 22. e5 Ng4 23. Rxd8+ Rxd8 24. Rxd8+ Qxd8 25. Qd6 Qxd6 26. exd6 Ne5 27. f4 Nd7 28. a3 c5 29. Nb5 f5 30. h3 Kf7 31. g4 g6 32. Kf3 fxg4+ 33. hxg4 Kf6 34. Nc7 e5 35. Ke4 exf4 36. Kxf4 h5 37. gxh5 gxh5 38. Ne8+ Ke6 39. Kg5 Ne5 40. b3 a4 41. Nc7+ Kxd6 42. Nb5+ Kc6 43. bxa4 Nxc4 44. Kxh5 Kd5 45. Kg4 Nd6 46. Nc7+ Kc4 47. Kf4 Kb3 48. Nd5 Nc8 49. Ke3 Kxa4 50. Kd3 Kxa3 51. Nc3 Nd6 52. Nd5 b5 53. Nc3 b4 54. Nb1+ Kb2 55. Nd2 c4+ 56. Kd4 c3 0-1

[Event "XXVI. Rhein-Main-Open, Gruppe A"]
[Site "Bad Homburg vor der Höhe"]
[Date "2024.06.01"]
[Round "6"]
[White "Gaertner, Johannes"]
[Black "Neuhoff, Ulrich"]
[Result "0-1"]
[WhiteElo "1853"]
[BlackElo "1893"]
[PlyCount "54"]
[EventDate "2024.??.??"]
[WhiteTeam "Sfr.Mainz 1928"]
[BlackTeam "SK Bad Homburg 1927"]

1. d4 Nf6 2. c4 c5 3. d5 b5 4. cxb5 a6 5. bxa6 g6 6. Nc3 Bxa6 7. e4 Bxf1 8. Kxf1 Bg7 9. Nf3 d6 10. g3 O-O 11. Kg2 Nbd7 12. a4 Qa5 13. Qe2 Ng4 14. Bd2 Rfc8 15. Rhc1 Qa6 16. Qxa6 Rxa6 17. Ra2 Nge5 18. Ne1 Nc4 19. b3 Na5 20. Rb1 Rb8 21. Nb5 c4 22. b4 Nb3 23. Be3 Rxb5 24. Rc2 Rxb4 25. Bd2 Rbxa4 26. Bc3 Ra2 27. Bb2 Ndc5 0-1

[Event "XXVI. Rhein-Main-Open, Gruppe A"]
[Site "Bad Homburg vor der Höhe"]
[Date "2024.06.01"]
[Round "6"]
[White "Giel, Olaf"]
[Black "Ploder, Udo"]
[Result "1-0"]
[WhiteElo "2083"]
[BlackElo "1936"]
[PlyCount "71"]
[EventDate "2024.??.??"]
[WhiteTeam "SF Bremer Osten Bgh. Mahndorf"]
[BlackTeam "SF Braunfels"]

1. d4 Nf6 2. Nf3 c5 3. e3 g6 4. b3 Bg7 5. Bb2 cxd4 6. exd4 d5 7. Bd3 Nc6 8. a3 Nh5 9. Qd2 Qd6 10. Nc3 a6 11. Ne2 Bg4 12. Qe3 O-O 13. Ne5 Be6 14. O-O f5 15. f4 b5 16. c4 bxc4 17. bxc4 Nxe5 18. dxe5 Qd7 19. c5 Bf7 20. Rac1 e6 21. Bc3 Rfc8 22. Ba5 Bf8 23. Bb6 Ng7 24. Nd4 Qb7 25. Qd2 Be8 26. Qa5 Bc6 27. Bc2 Bb5 28. Rfd1 Bxc5 29. Bxc5 Rxc5 30. a4 Qc8 31. axb5 axb5 32. Qb4 Ra2 33. Qb1 Qa6 34. Bb3 Rxc1 35. Qxc1 Ra3 36. Qc5 1-0

[Event "XXVI. Rhein-Main-Open, Gruppe A"]
[Site "Bad Homburg vor der Höhe"]
[Date "2024.06.01"]
[Round "6"]
[White "Gries, Volker"]
[Black "Schulze, Fabian"]
[Result "0-1"]
[WhiteElo "2064"]
[BlackElo "1790"]
[PlyCount "108"]
[EventDate "2024.??.??"]
[WhiteTeam "SV Oberursel"]
[BlackTeam "SC Steinbach"]

1. e4 d5 2. exd5 Qxd5 3. Nc3 Qd8 4. d4 Nf6 5. Bc4 a6 6. a4 Nc6 7. Nf3 Bf5 8. Be3 e6 9. h3 Nb4 10. Bb3 h6 11. O-O Bd6 12. Qe2 O-O 13. Ne5 Nfd5 14. Nxd5 Nxd5 15. Rad1 Qh4 16. c4 Nf4 17. Bxf4 Qxf4 18. c5 Be7 19. Bc2 Bxc2 20. Qxc2 Bf6 21. Rfe1 Rfd8 22. g3 Qg5 23. Qe4 Bxe5 24. Qxe5 Qxe5 25. dxe5 Rd5 26. Rxd5 exd5 27. Rd1 Rd8 28. Rd4 c6 29. f4 g6 30. Kf2 Kf8 31. Ke3 Ke7 32. Rb4 Rd7 33. Kd4 h5 34. Rb6 Ke6 35. b4 Kf5 36. b5 axb5 37. axb5 Rc7 38. Rxb7 Rxb7 39. bxc6 Rb8 40. Kxd5 Rd8+ 41. Kc4 Ke6 42. Kb5 Rb8+ 43. Kc4 Rb1 44. g4 Ke7 45. f5 gxf5 46. gxf5 Rf1 47. f6+ Kd8 48. Kd5 Rd1+ 49. Ke4 Rh1 50. Kf5 Rxh3 51. Kg5 Re3 52. Kxh5 Rxe5+ 53. Kh6 Rxc5 54. Kg7 Ke8 0-1

[Event "XXVI. Rhein-Main-Open, Gruppe A"]
[Site "Bad Homburg vor der Höhe"]
[Date "2024.06.01"]
[Round "6"]
[White "Griesfeller, Sven"]
[Black "Varma, Christopher"]
[Result "1/2-1/2"]
[WhiteElo "1741"]
[BlackElo "1936"]
[PlyCount "70"]
[EventDate "2024.??.??"]
[WhiteTeam "Schachdr. Büdingen-Wächtersbach"]
[BlackTeam "SV Oberursel"]

1. e4 e6 2. d4 d5 3. e5 c5 4. Qg4 cxd4 5. Nf3 Nc6 6. Bd3 Nge7 7. O-O Ng6 8. Re1 Qc7 9. Qg3 f6 10. Bxg6+ hxg6 11. Qxg6+ Qf7 12. Qxf7+ Kxf7 13. h3 Bd7 14. Bf4 Rc8 15. c3 dxc3 16. Nxc3 Bb4 17. Bd2 a6 18. a3 Ba5 19. Rac1 Bc7 20. exf6 gxf6 21. Na4 Ne5 22. Nxe5+ Bxe5 23. Nc5 Bc6 24. Nd3 Bb8 25. f4 Rcg8 26. Nb4 Bb5 27. f5 Bd7 28. fxe6+ Bxe6 29. Kf1 Rh5 30. Re2 Be5 31. Nd3 Rf5+ 32. Rf2 Rxf2+ 33. Kxf2 Bg3+ 34. Kf1 Bf5 35. Nf4 Bxf4 1/2-1/2

[Event "XXVI. Rhein-Main-Open, Gruppe A"]
[Site "Bad Homburg vor der Höhe"]
[Date "2024.06.01"]
[Round "6"]
[White "Haack, Kevin"]
[Black "Poetsch, Hagen"]
[Result "1/2-1/2"]
[WhiteElo "2286"]
[BlackElo "2462"]
[PlyCount "73"]
[EventDate "2024.??.??"]
[WhiteTeam "SV 1920 Hofheim"]
[BlackTeam "SC Heusenstamm"]

1. Nf3 Nf6 2. d4 c5 3. d5 b5 4. Bg5 g6 5. Bxf6 exf6 6. e4 a6 7. a4 b4 8. Bd3 Bg7 9. c3 O-O 10. a5 d6 11. h3 Nd7 12. O-O Rb8 13. Qe2 Re8 14. Bxa6 f5 15. Bxc8 Qxc8 16. Qc2 fxe4 17. Nfd2 Nf6 18. Nc4 Qa6 19. Ne3 Nh5 20. Nd2 Nf4 21. Nxe4 f5 22. Ng3 bxc3 23. bxc3 Nd3 24. Rfd1 Nb2 25. Rdb1 f4 26. Rxb2 Rxb2 27. Qxb2 fxg3 28. Rf1 Qd3 29. Nd1 Be5 30. Qa2 Ra8 31. Qa4 gxf2+ 32. Rxf2 Qxd5 33. a6 c4 34. Ne3 Qc5 35. Qxc4+ Qxc4 36. Nxc4 Rxa6 37. Nxe5 1/2-1/2

[Event "XXVI. Rhein-Main-Open, Gruppe A"]
[Site "Bad Homburg vor der Höhe"]
[Date "2024.06.01"]
[Round "6"]
[White "Henrich, Thomas"]
[Black "Dubinker, Philipp"]
[Result "1-0"]
[WhiteElo "2087"]
[BlackElo "1921"]
[PlyCount "55"]
[EventDate "2024.??.??"]
[WhiteTeam "SK Marburg 1931/72"]
[BlackTeam "SK Marburg 1931/72"]

1. d4 Nf6 2. c4 e6 3. Nc3 Bb4 4. e3 O-O 5. Nge2 d6 6. a3 Bxc3+ 7. Nxc3 e5 8. d5 a5 9. Bd3 Qe7 10. b3 Na6 11. Bb2 Bd7 12. Qc2 Nc5 13. O-O Nxd3 14. Qxd3 Nh5 15. Rae1 Qh4 16. Ne2 Rae8 17. f4 exf4 18. e4 f5 19. Nd4 fxe4 20. Rxe4 Qg4 21. Ne6 Bxe6 22. dxe6 Rxe6 23. Qd5 Rfe8 24. Rxe6 Rxe6 25. Re1 Kf7 26. Rxe6 c6 27. Rf6+ Ke8 28. Qg8+ 1-0

[Event "XXVI. Rhein-Main-Open, Gruppe A"]
[Site "Bad Homburg vor der Höhe"]
[Date "2024.06.01"]
[Round "6"]
[White "Iwanziw, Niklas"]
[Black "Koehlich, Viktor"]
[Result "0-1"]
[WhiteElo "1932"]
[BlackElo "1798"]
[PlyCount "32"]
[EventDate "2024.??.??"]
[WhiteTeam "SF Neuberg"]
[BlackTeam "SC Matt im Park Ffm"]

1. d4 Nf6 2. c4 e6 3. g3 d5 4. Nf3 Bb4+ 5. Bd2 Be7 6. Bg2 O-O 7. Qc2 c6 8. O-O b6 9. Ne5 Nfd7 10. Nxc6 Nxc6 11. cxd5 Nxd4 12. Qd3 Bf6 13. Bb4 Ne5 14. Qd1 Ba6 15. Nc3 Re8 16. dxe6 Nxe2+ 0-1

[Event "XXVI. Rhein-Main-Open, Gruppe A"]
[Site "Bad Homburg vor der Höhe"]
[Date "2024.06.01"]
[Round "6"]
[White "Jenisch, Achim"]
[Black "Schmitt, Carsten"]
[Result "0-1"]
[WhiteElo "1948"]
[BlackElo "1947"]
[PlyCount "112"]
[EventDate "2024.??.??"]
[WhiteTeam "SF Botvinnik Steinsfurt"]
[BlackTeam "SV Bergwinkel"]

1. e4 e6 2. d4 d5 3. Bd3 c5 4. exd5 exd5 5. Bb5+ Bd7 6. Qe2+ Be7 7. dxc5 Qa5+ 8. Nc3 d4 9. Bxd7+ Nxd7 10. Bd2 dxc3 11. Bxc3 Qa6 12. Qxa6 bxa6 13. Bxg7 Bf6 14. Bxh8 Bxh8 15. c6 Ne5 16. Ne2 Nxc6 17. c3 O-O-O 18. Rd1 Rxd1+ 19. Kxd1 Nf6 20. f3 Nd5 21. Kc1 Bf6 22. Rd1 Bg5+ 23. Kb1 Ne3 24. Re1 Nc4 25. f4 Bf6 26. Rd1 Kc7 27. Rd3 h5 28. Ng3 h4 29. Nf5 a5 30. b3 Na3+ 31. Kb2 Nb5 32. a4 Nb4 33. Rh3 Nxc3 34. Rxc3+ Kd7 35. Ne3 Ke6 36. g4 h3 37. g5 Bd4 38. f5+ Ke5 39. f6 Ke6 40. Nc4 Nd5 41. g6 Bxc3+ 42. Kc2 fxg6 43. f7 Kxf7 44. Nd6+ Ke6 45. Ne4 Bf6 46. Kd3 Kf5 47. Nf2 Nf4+ 48. Kc4 g5 49. Kb5 Bd8 50. Nh1 Ne2 51. Kc4 Bc7 52. Kb5 Bb6 53. b4 axb4 54. Kxb4 Ke4 55. Kb5 Kf3 56. a5 Be3 0-1

[Event "XXVI. Rhein-Main-Open, Gruppe A"]
[Site "Bad Homburg vor der Höhe"]
[Date "2024.06.01"]
[Round "6"]
[White "Klemp, Torben"]
[Black "Schroeder, Juergen"]
[Result "0-1"]
[WhiteElo "1893"]
[BlackElo "2017"]
[PlyCount "40"]
[EventDate "2024.??.??"]
[WhiteTeam "SV Oberursel"]
[BlackTeam "SC Matt im Park Ffm"]

1. d4 g6 2. Bf4 Bg7 3. Nc3 d6 4. Qd2 a6 5. e4 b5 6. a3 Bb7 7. O-O-O Nd7 8. Nf3 c5 9. Be3 Rc8 10. Bd3 Qb6 11. Kb1 cxd4 12. Nxd4 Bxd4 13. Bxd4 Qxd4 14. Bxb5 Qxd2 15. Bxd7+ Kxd7 16. Rxd2 Nf6 17. e5 Ne4 18. Nxe4 Bxe4 19. f3 Bf5 20. Rhd1 Rc6 0-1

[Event "XXVI. Rhein-Main-Open, Gruppe A"]
[Site "Bad Homburg vor der Höhe"]
[Date "2024.06.01"]
[Round "6"]
[White "Knuplesch, Ulrich"]
[Black "Hoelss, Silas"]
[Result "0-1"]
[WhiteElo "1725"]
[BlackElo "1756"]
[PlyCount "130"]
[EventDate "2024.??.??"]
[WhiteTeam "SK Bad Homburg 1927"]
[BlackTeam "SSG Hungen-Lich"]

1. d4 f5 2. c4 Nf6 3. Nc3 g6 4. Nf3 d6 5. Bg5 Bg7 6. g3 O-O 7. Bg2 Qe8 8. Nb5 Na6 9. O-O c6 10. Nc3 e5 11. dxe5 dxe5 12. Qd6 e4 13. Nd4 Rf7 14. Rad1 c5 15. Ndb5 Be6 16. Qf4 Rd7 17. Rxd7 Nxd7 18. Rd1 Be5 19. Qd2 Nb4 20. a3 Nc6 21. Nd5 Rc8 22. h4 a6 23. Nbc3 Kf7 24. Nf4 Nb6 25. Nxe6 Qxe6 26. b3 Rc7 27. Bf4 Rd7 28. Nd5 Bxf4 29. gxf4 Ne7 30. Qb2 Nbxd5 31. cxd5 Rxd5 32. Rc1 Qf6 33. Qxf6+ Kxf6 34. Bf1 b6 35. e3 a5 36. Bc4 Rd8 37. Kf1 Nc8 38. Ke2 Nd6 39. Rd1 Ke7 40. Bd5 Ne8 41. Bg8 Rxd1 42. Kxd1 Nf6 43. Bc4 Ng4 44. Ke2 h6 45. f3 exf3+ 46. Kxf3 Nf6 47. Ke2 Ne4 48. Ke1 Kf6 49. Bf1 g5 50. hxg5+ hxg5 51. Kd1 gxf4 52. exf4 Nc3+ 53. Kc2 Nd5 54. Kd3 Nxf4+ 55. Kc4 Ke5 56. Kb5 Nd5 57. Kc6 f4 58. Bg2 Ne3 59. Bf3 c4 60. bxc4 Nxc4 61. a4 Kd4 62. Kb5 Nd2 63. Ba8 Kc3 64. Kxb6 Kb4 65. Bc6 f3 0-1

[Event "XXVI. Rhein-Main-Open, Gruppe A"]
[Site "Bad Homburg vor der Höhe"]
[Date "2024.06.01"]
[Round "6"]
[White "Kopf, Rainer"]
[Black "Streit, Juergen"]
[Result "1/2-1/2"]
[WhiteElo "1903"]
[BlackElo "1884"]
[PlyCount "66"]
[EventDate "2024.??.??"]
[WhiteTeam "SC Bellheim"]
[BlackTeam "Schachzirk. Elstertal Langenberg"]

1. d4 d5 2. c4 Bf5 3. Nc3 e6 4. Bf4 c6 5. e3 Nf6 6. Nf3 Be7 7. cxd5 exd5 8. Be2 Qb6 9. Qc1 O-O 10. O-O Nh5 11. Bg3 Nxg3 12. hxg3 Nd7 13. Nh4 Be6 14. Bd3 Bxh4 15. gxh4 Qd8 16. g3 Bh3 17. Re1 Nf6 18. Qc2 Qd7 19. Ne2 Bg4 20. Nf4 h6 21. Bf1 g5 22. hxg5 hxg5 23. Nd3 Qf5 24. Rac1 Qh7 25. Ne5 Bf5 26. Qe2 Kg7 27. f3 Rh8 28. Qg2 g4 29. Be2 Qh6 30. Kf2 gxf3 31. Bxf3 Ne4+ 32. Ke2 Qg5 33. g4 Be6 1/2-1/2

[Event "XXVI. Rhein-Main-Open, Gruppe A"]
[Site "Bad Homburg vor der Höhe"]
[Date "2024.06.01"]
[Round "6"]
[White "Kretner, Georg Ulrich"]
[Black "Thomas, Tobias"]
[Result "1/2-1/2"]
[WhiteElo "1886"]
[BlackElo "1967"]
[PlyCount "59"]
[EventDate "2024.??.??"]
[WhiteTeam "SC Bad Nauheim"]
[BlackTeam "SK Langen"]

1. d4 Nf6 2. Nf3 c5 3. d5 b5 4. Bg5 g6 5. a4 b4 6. c4 Bg7 7. Qc2 O-O 8. Nbd2 d6 9. e4 e5 10. h3 h6 11. Be3 Nh5 12. Bd3 Nf4 13. Bf1 f5 14. g3 Nh5 15. g4 Nf4 16. gxf5 gxf5 17. O-O-O fxe4 18. Nxe4 Bf5 19. Nfd2 Nd7 20. b3 Kh8 21. Bd3 Nxd3+ 22. Qxd3 Nf6 23. Rdg1 a5 24. f3 Ra7 25. Qe2 Nh5 26. Nf1 Nf4 27. Qd2 Bh7 28. Nfg3 Raf7 29. h4 Qe7 30. Kd1 1/2-1/2

[Event "XXVI. Rhein-Main-Open, Gruppe A"]
[Site "Bad Homburg vor der Höhe"]
[Date "2024.06.01"]
[Round "6"]
[White "Krychevskiy, Dmytro"]
[Black "Gerhard, Dominik"]
[Result "1-0"]
[WhiteElo "1944"]
[BlackElo "1781"]
[PlyCount "63"]
[EventDate "2024.??.??"]
[WhiteTeam "SV Oberursel"]
[BlackTeam "SV Oberursel"]

1. d4 Nf6 2. Nc3 d5 3. Bf4 a6 4. Nf3 e6 5. e3 c5 6. Bd3 Nbd7 7. Qd2 Be7 8. g4 b5 9. a3 Qb6 10. Rg1 Bb7 11. h4 c4 12. Bf1 b4 13. Na4 Qb5 14. axb4 Ne4 15. Qd1 Bxb4+ 16. c3 Be7 17. g5 Bc6 18. Ne5 Qb7 19. Nxc6 Qxc6 20. f3 Nd6 21. Bh3 Rb8 22. Rg2 Rb3 23. Qc2 Nc8 24. Re2 h6 25. Bg2 hxg5 26. hxg5 Bd6 27. g6 f6 28. Kf2 Ne7 29. Ree1 Bxf4 30. exf4 Nf5 31. Qxf5 Ne5 32. Rxe5 1-0

[Event "XXVI. Rhein-Main-Open, Gruppe A"]
[Site "Bad Homburg vor der Höhe"]
[Date "2024.06.01"]
[Round "6"]
[White "Kuckel, Michael"]
[Black "Mayer, Frank"]
[Result "1-0"]
[WhiteElo "1720"]
[BlackElo "2009"]
[Annotator "thoma"]
[PlyCount "55"]
[EventDate "2024.??.??"]
[WhiteTeam "SC Matt im Park Ffm"]
[BlackTeam "Wiesbadener SV 1885"]

{[%evp 0,66,16,28,26,27,13,28,29,25,20,13,14,19,23,-4,8,40,33,-13,5,15,26,-22,-27,-30,8,14,12,-24,-12,-52,-47,-32,-25,-96,-84,-88,-92,-86,-94,-99,-89,-84,-71,-121,-113,-145,-129,-145,-123,-145,-145,-161,-85,-88,-124,-161,-148,-153,-145,-159,-13,-159,-158,-159,-157,-156,-145]} 1. d4 d5 2. Nf3 a6 3. Nbd2 Nf6 4. e3 Bf5 5. c4 c6 6. b3 e6 7. Be2 h6 8. Ne5 Ne4 9. Nxe4 Bxe4 10. O-O Be7 11. f3 Bh7 12. f4 Nd7 13. Bd3 Bxd3 14. Qxd3 Nf6 15. f5 O-O 16. fxe6 fxe6 17. Ng6 Re8 18. c5 Ne4 19. Bd2 Bf6 20. Be1 Kh7 21. Nf4 g6 22. Ne2 Nxc5 23. dxc5 Bxa1 24. Rf7+ Bg7 25. Nf4 Qg5 26. Bh4 Re7 27. Rxg7+ Kxg7 28. Bxg5 1-0

[Event "XXVI. Rhein-Main-Open, Gruppe A"]
[Site "Bad Homburg vor der Höhe"]
[Date "2024.06.01"]
[Round "6"]
[White "Mandalka, Justus"]
[Black "Steigleder, Maximilian"]
[Result "1-0"]
[WhiteElo "1837"]
[BlackElo "1718"]
[PlyCount "57"]
[EventDate "2024.??.??"]
[WhiteTeam "SK Bad Homburg 1927"]
[BlackTeam "Sfr.1932 Kelkheim"]

1. e4 e5 2. Nf3 Nc6 3. d4 exd4 4. Nxd4 Bc5 5. Nb3 Bb6 6. Qe2 d6 7. Nc3 Nf6 8. Bg5 h6 9. Be3 O-O 10. O-O-O Re8 11. f3 Be6 12. g4 Bxe3+ 13. Qxe3 a5 14. a4 Bxb3 15. cxb3 Nd7 16. f4 Qe7 17. Bc4 Nb4 18. h4 c6 19. Qd4 Nc5 20. g5 Nxe4 21. gxh6 Qf6 22. Qxf6 Nxf6 23. Rxd6 Rad8 24. Rxd8 Rxd8 25. Rg1 Ne8 26. hxg7 Nd3+ 27. Kc2 Nxf4 28. Bxf7+ Kxf7 29. g8=Q+ 1-0

[Event "XXVI. Rhein-Main-Open, Gruppe A"]
[Site "Bad Homburg vor der Höhe"]
[Date "2024.06.01"]
[Round "6"]
[White "Marschner, Thomas"]
[Black "Eull, Emil"]
[Result "0-1"]
[WhiteElo "1965"]
[BlackElo "2113"]
[PlyCount "78"]
[EventDate "2024.??.??"]
[WhiteTeam "SVG Eppstein 1932"]
[BlackTeam "SF Neuberg"]

1. e4 c6 2. c4 d5 3. cxd5 cxd5 4. exd5 Nf6 5. Qa4+ Nbd7 6. Nc3 g6 7. Nf3 Bg7 8. Bc4 O-O 9. d3 a6 10. Qa3 b6 11. O-O Bb7 12. Re1 Re8 13. Ng5 Rc8 14. Nge4 Nxe4 15. Nxe4 Ne5 16. Bf4 Nxc4 17. dxc4 Rxc4 18. Qg3 e5 19. Bg5 f6 20. Nd2 Rc2 21. Qb3 Qxd5 22. Be3 Rxb2 23. Qxd5+ Bxd5 24. Nb3 Rb8 25. Red1 Be6 26. h4 Bf8 27. Rdc1 Rc8 28. Rxc8 Bxc8 29. Bxb6 Bf5 30. Bc5 Rb1+ 31. Rxb1 Bxb1 32. Bxf8 Kxf8 33. a4 Bd3 34. f3 Ke7 35. Nc5 Bc4 36. Kf2 f5 37. g4 Kd6 38. Nb7+ Kc7 39. Nc5 Kc6 0-1

[Event "XXVI. Rhein-Main-Open, Gruppe A"]
[Site "Bad Homburg vor der Höhe"]
[Date "2024.06.01"]
[Round "6"]
[White "Milov, Leonid"]
[Black "Lesny, Florian"]
[Result "1-0"]
[WhiteElo "2424"]
[BlackElo "2227"]
[PlyCount "57"]
[EventDate "2024.??.??"]
[WhiteTeam "SC Noris-Tarrasch Nürnberg 1873"]
[BlackTeam "SK Bad Homburg 1927"]

1. d4 d5 2. Nf3 Nf6 3. c4 e6 4. g3 Be7 5. Bg2 O-O 6. O-O c6 7. Qc2 b6 8. Rd1 Bb7 9. Nc3 Nbd7 10. b3 Rc8 11. e4 c5 12. exd5 exd5 13. Nh4 cxd4 14. Rxd4 Bc5 15. Rd1 Ng4 16. Rf1 Qf6 17. Bb2 Nde5 18. Na4 Bxf2+ 19. Rxf2 Nxf2 20. Rf1 b5 21. Rxf2 Qg5 22. Nf5 Ng4 23. h4 Qd8 24. Rf4 Nf6 25. Nxg7 Rc6 26. Nf5 bxa4 27. Nh6+ Kg7 28. Qf5 Rh8 29. Qg5+ 1-0

[Event "XXVI. Rhein-Main-Open, Gruppe A"]
[Site "Bad Homburg vor der Höhe"]
[Date "2024.06.01"]
[Round "6"]
[White "Moeller, Dustin"]
[Black "Nickel, Jonas"]
[Result "1/2-1/2"]
[WhiteElo "2182"]
[BlackElo "1908"]
[PlyCount "36"]
[EventDate "2024.??.??"]
[WhiteTeam "Preetzer TSV"]
[BlackTeam "Schachdr. Büdingen-Wächtersbach"]

1. Nf3 d5 2. g3 Nf6 3. Bg2 c6 4. O-O e6 5. d3 Nbd7 6. Nbd2 Be7 7. e4 Qc7 8. Re1 e5 9. c3 O-O 10. Qe2 Re8 11. Nf1 dxe4 12. dxe4 Nc5 13. Nh4 Be6 14. Nf5 Rad8 15. Nxe7+ Qxe7 16. Rd1 Rxd1 17. Qxd1 Ncxe4 18. Qa4 b5 1/2-1/2

[Event "XXVI. Rhein-Main-Open, Gruppe A"]
[Site "Bad Homburg vor der Höhe"]
[Date "2024.06.01"]
[Round "6"]
[White "Moldenhauer, Lennart"]
[Black "von Auer, Ulrich"]
[Result "0-1"]
[WhiteElo "1768"]
[BlackElo "1981"]
[PlyCount "60"]
[EventDate "2024.??.??"]
[WhiteTeam "SV Oberursel"]
[BlackTeam "SV Oberursel"]

1. e4 e6 2. Nf3 c5 3. e5 Nc6 4. a3 Qc7 5. Qe2 Nge7 6. c3 Ng6 7. d4 d6 8. exd6 Bxd6 9. g3 cxd4 10. cxd4 Nxd4 11. Nxd4 Qxc1+ 12. Qd1 Qxb2 13. Nc2 Qe5+ 14. Be2 Bd7 15. Nd2 Bb5 16. Ne3 Bxe2 17. Kxe2 Qb5+ 18. Ndc4 Bc5 19. Rb1 Qa6 20. Ke1 O-O 21. h4 Rfd8 22. Qg4 Bxe3 23. fxe3 f5 24. Qe2 Rac8 25. h5 Qxc4 26. Qxc4 Rxc4 27. hxg6 hxg6 28. Ke2 b6 29. a4 e5 30. a5 e4 0-1

[Event "XXVI. Rhein-Main-Open, Gruppe A"]
[Site "Bad Homburg vor der Höhe"]
[Date "2024.06.01"]
[Round "6"]
[White "Mueller, Christian"]
[Black "Muehlpfordt, Thomas"]
[Result "1/2-1/2"]
[WhiteElo "2197"]
[BlackElo "1990"]
[PlyCount "50"]
[EventDate "2024.??.??"]
[WhiteTeam "SC Windischeschenbach"]
[BlackTeam "SC 1997 Lambsheim"]

1. e4 e5 2. Nc3 Nf6 3. Bc4 Nc6 4. d3 Bc5 5. f4 d6 6. Nf3 a6 7. Nd5 O-O 8. f5 Nxd5 9. Bxd5 Nd4 10. c3 Nxf3+ 11. Qxf3 c6 12. Bb3 Qh4+ 13. Qg3 Qxg3+ 14. hxg3 b5 15. g4 Bb7 16. Ke2 d5 17. Rh2 f6 18. g5 fxg5 19. Bxg5 h6 20. Bd2 Kf7 21. g4 Be7 22. Rah1 Bg5 23. Bxg5 hxg5 24. Ke3 Kf6 25. Rh7 Rad8 1/2-1/2

[Event "XXVI. Rhein-Main-Open, Gruppe A"]
[Site "Bad Homburg vor der Höhe"]
[Date "2024.06.01"]
[Round "6"]
[White "Nagel, Bernhard"]
[Black "Kuhn, Gerhard"]
[Result "1-0"]
[WhiteElo "2192"]
[BlackElo "1989"]
[PlyCount "79"]
[EventDate "2024.??.??"]
[WhiteTeam "Kölner SK Dr. Lasker 1861"]
[BlackTeam "SK Marburg 1931/72"]

1. Nf3 Nf6 2. g3 g6 3. b3 d5 4. Bb2 Bg7 5. c4 c6 6. Bg2 O-O 7. O-O a5 8. d3 Bf5 9. Nbd2 Na6 10. Re1 Qb6 11. Qc1 Ng4 12. Rf1 d4 13. h3 Ne5 14. Nxe5 Bxe5 15. f4 Bg7 16. Ne4 c5 17. g4 Bd7 18. Ng5 Bc6 19. Nf3 Qc7 20. Qd2 Rae8 21. Rae1 b6 22. Bc1 Nb8 23. a3 Nd7 24. Kh1 e5 25. f5 e4 26. dxe4 Bxe4 27. Qf4 Qc6 28. Rg1 Ne5 29. Nxe5 Bxg2+ 30. Rxg2 Rxe5 31. Kg1 Rfe8 32. a4 Re4 33. Qf3 Qd6 34. Rf1 Kh8 35. h4 Qd8 36. f6 Bf8 37. h5 Qd7 38. hxg6 fxg6 39. f7 R8e6 40. Bg5 1-0

[Event "XXVI. Rhein-Main-Open, Gruppe A"]
[Site "Bad Homburg vor der Höhe"]
[Date "2024.06.01"]
[Round "6"]
[White "Nagel, Daniel"]
[Black "Hipler, Andreas"]
[Result "1-0"]
[WhiteElo "1928"]
[BlackElo "1884"]
[PlyCount "81"]
[EventDate "2024.??.??"]
[WhiteTeam "SF Neuberg"]
[BlackTeam "SK Gau-Algesheim"]

1. d4 Nf6 2. Nf3 e6 3. g3 d5 4. Bg2 Be7 5. O-O O-O 6. c4 dxc4 7. Qc2 a6 8. a4 Bd7 9. Qxc4 b5 10. Qc2 Bc6 11. Bg5 Be4 12. Qc1 b4 13. Nbd2 Bb7 14. Nb3 a5 15. Bxf6 Bxf6 16. Nc5 Bc6 17. Rd1 Be7 18. Nd3 Qd6 19. Nde5 Bb7 20. Qc2 f6 21. Ng5 fxg5 22. Bxb7 Ra7 23. Be4 g6 24. Rac1 Bf6 25. Nc4 Qe7 26. Ne3 Qf7 27. Ng4 Bg7 28. f3 Rd8 29. Qc5 c6 30. e3 h6 31. Bxg6 Qxf3 32. Qxa7 Qxg4 33. Qf7+ Kh8 34. Bh5 Qe4 35. Qf3 Qh7 36. Qe2 Qe4 37. Bf3 Qf5 38. Rc5 Qf8 39. Rxa5 b3 40. Rc5 Rd6 41. Rc3 1-0